Sleep on the floor- The Lumineers (Lyrics) - Statistics

General Stats
  • This quiz has been taken 136 times
  • The average score is 183 of 229
Answer Stats
Answer % Correct
a
100%
I
100%
you
100%
to
99%
it
98%
your
98%
if
97%
If
97%
leave
97%
Leave
97%
make
97%
Pack
97%
this
97%
town
97%
we
97%
We
97%
yourself
97%
do
95%
don't
95%
never
95%
out
95%
on
94%
toothbrush
94%
dear
93%
not
93%
the
93%
blouse
92%
Cause
92%
might
92%
Take
92%
come
91%
Baby
90%
born
90%
all
88%
And
87%
and
87%
favorite
87%
savings
87%
was
87%
shine
86%
sun
86%
of
85%
today
85%
break
84%
bridges
84%
me
84%
wear
80%
drown
79%
were
79%
bed
77%
flood
77%
note
76%
driven
74%
in
74%
mother
74%
through
74%
time
74%
Will
74%
will
74%
by
73%
Let
73%
night
73%
know
72%
she
72%
state
72%
subways
72%
you're
72%
have
71%
safe
71%
sin
71%
We'll
71%
lay
70%
slip
70%
is
66%
wakes
66%
what
66%
when
66%
down
65%
Or
65%
Father
64%
parents?
64%
said
64%
withdrawal
64%
Forget
63%
pay
62%
rent?
62%
dying
60%
day?
59%
grave
57%
save
57%
tonight
57%
atmosphere?
55%
live
55%
Oh
55%
oh
55%
against
53%
How
53%
like
53%
can't
52%
Jesus
52%
wanna
52%
Christ
50%
dig
49%
outside
49%
see
49%
us
48%
Brennan
47%
even
47%
hard
47%
nice
47%
something
47%
that
47%
work
45%
sky
44%
couldn't
43%
dress
43%
looked
42%
rail
41%
Decide
40%
decide
40%
yeah
38%
yes
37%
Put
36%
holding
34%
Illinois
26%
No matching quizzes found
Score Distribution
Percent of People with Each Score
Percentile by Number Answered
Your Score History
You have not taken this quiz